Ilayka yā waladī (Record no. 47584)

MARC details
000 -LEADER
fixed length control field 00666cam a22002171 4500
001 - CONTROL NUMBER
control field ne 64002929
003 - CONTROL NUMBER IDENTIFIER
control field DLC
005 - DATE AND TIME OF LATEST TRANSACTION
control field 20260227111806.0
008 - FIXED-LENGTH DATA ELEMENTS--GENERAL INFORMATION
fixed length control field 840118s1964 ua 000 0 arar
010 ## - LIBRARY OF CONGRESS CONTROL NUMBER
LC control number ne 64002929
035 ## - SYSTEM CONTROL NUMBER
System control number (OCoLC)10313350
040 ## - CATALOGING SOURCE
Original cataloging agency DLC
Transcribing agency TxU
Modifying agency TxU
-- DLC
042 ## - AUTHENTICATION CODE
Authentication code premarc
050 00 - LIBRARY OF CONGRESS CALL NUMBER
Classification number HQ10
Item number .M38
100 1# - MAIN ENTRY--PERSONAL NAME
Personal name Marzūq, ʻAbd al-Ṣabūr.
245 10 - TITLE STATEMENT
Title Ilayka yā waladī
Statement of responsibility, etc. bi-qalam ʻAbd al-Ṣabūr Marzūq. Taqdīm Ṣalāḥ Dasūqī.
260 ## - PUBLICATION, DISTRIBUTION, ETC.
Place of publication, distribution, etc. al-Qāhirah,
Name of publisher, distributor, etc. Dār al-Nahḍah al-ʻArabīyah
Date of publication, distribution, etc. [1964]
300 ## - PHYSICAL DESCRIPTION
Extent 195 p.
Dimensions 22 cm.
500 ## - GENERAL NOTE
General note At head of title: Min nahr al-ḥayāh.
650 #0 - SUBJECT ADDED ENTRY--TOPICAL TERM
Topical term or geographic name entry element Family life education.

No items available.

Powered by Koha